Normal view
MARC view
- WIRELESS COMMUNICATION SYSTEMS BROADBAND COMMUNICATION SYSTEMS LOCAL LOOP-TELEPHONEY
Entry Topical Term
001 - CONTROL NUMBER
- control field: 80301
003 - CONTROL NUMBER IDENTIFIER
- control field: NUST
005 - DATE AND TIME OF LATEST TRANSACTION
- control field: 20210628210634.0
008 - FIXED-LENGTH DATA ELEMENTS
- fixed length control field: 210628|| aca||aabn | a|a d
040 ## - CATALOGING SOURCE
- Original cataloging agency: NUST
- Transcribing agency: NUST
150 ## - HEADING--TOPICAL TERM
- Topical term or geographic name entry element: WIRELESS COMMUNICATION SYSTEMS BROADBAND COMMUNICATION SYSTEMS LOCAL LOOP-TELEPHONEY
670 ## - SOURCE DATA FOUND
- Source citation: Work cat.: (NUST): Clark, Martin.P 69263, Wireless access networks fixed wireless access and wll networks-design and operation, 2000
